[Event "Cannes NAO Masters"]
[Site "Cannes"]
[Date "2002.02.24"]
[Round "3"]
[White "Gelfand, Boris"]
[Black "Leko, Peter"]
[Result "1/2-1/2"]
[WhiteElo "2703"]
[BlackElo "2713"]
[Annotator "Gershon,A"]
[PlyCount "65"]
[EventDate "2002.02.22"]
[EventType "tourn"]
[EventRounds "9"]
[EventCountry "FRA"]
[EventCategory "18"]
[SourceTitle "CBM 088"]
[Source "ChessBase"]
[SourceDate "2002.03.21"]
[SourceVersion "1"]
[SourceVersionDate "2002.03.21"]
[SourceQuality "1"]

1. d4 Nf6 2. c4 e6 3. Nf3 b6 4. g3 Ba6 5. Qa4 Bb7 6. Bg2 c5 7. dxc5 Bxc5 8. O-O
Be7 9. Nc3 O-O 10. Bf4 Na6 11. Rfd1 Nc5 12. Qc2 Qc8 (12... a6 13. Rac1 Rc8 14.
b3 d6 15. Bg5 Nfe4 16. Bxe7 Qxe7 17. Nxe4 Bxe4 18. Qd2 Rfd8 19. Qe3 Qb7 20. Rd2
d5 21. Rcd1 h6 22. cxd5 Rxd5 23. Rxd5 Bxd5 24. h4 a5 $15 {0-1 Kasimdzhanov,
R-Timman,J/Dordrecht 2000/EXT 2001 (34)}) (12... Nce4 13. Ne5 Nxc3 14. Bxb7
Nxd1 15. Rxd1 Rb8 16. Nc6 dxc6 17. Rxd8 Rbxd8 18. Qa4 Bd6 19. Qxa7 Bxf4 20.
gxf4 Rd7 $13 {1/2-1/2 Huzman,A-Podgaets,M/Ohrid 2001/CBM 84 (30)}) 13. Rd4 d5
14. cxd5 (14. Rc1 Nce4 15. Nxe4 dxe4 16. Ne5 h6 17. Qc3 Rd8 18. Rcd1 Rxd4 19.
Rxd4 Qe8 20. h3 {1/2-1/2 Khalifman,A-Leko,P/Wijk aan Zee NED 2002/The Week in
Chess 377 (20)}) 14... exd5 $5 {[%cal Gc5e6] an interesting approach. Black
creates himself an isolated pawn, but gets active play for his pieces. The
immediate threat is: Ne6} (14... Nxd5 15. Nxd5 Bxd5 16. Ng5 ({of course not} 
16. e4 $4 {which is losing a pawn:} Nxe4 {[%csl Rc2][%cal Gc8c2]}) 16... Bxg5
17. Bxg5 (17. Bxd5 {would have allowed black to get a slightly better rook
ending:} exd5 $1 18. Bxg5 Ne4 19. Qxc8 Raxc8 20. Rxd5 Nxg5 21. Rxg5 Rc2 $15)
17... Bxg2 18. Kxg2 Qb7+ 19. Kg1 e5 $14 {1/2-1/2 Kuzmin,A-Ravi,T/Calcutta 2002/
CBM 88_01/[Gershon] (40). (40)}) 15. Rdd1 Nce4 16. Rac1 Bc5 17. e3 Nxc3 {
removing one of the attackers on d5 pawn} 18. Qxc3 Ne4 19. Qd3 Qe6 20. Be5 {
one of white's main problems is the misplaced dark squared biship. Therefore,
he's trying to activate it,} Rac8 21. Bd4 Be7 {now, white's having trouble
finding good places for his pieces.} ({of course not} 21... Bxd4 $2 {which
would have made white's play much easier.} 22. Qxd4 $14 {[%cal Gf3d2]}) 22. Qf1
(22. Nd2 Rxc1 23. Rxc1 Rc8 ({but not:} 23... Qf5 24. f3 Nxg3 (24... Nd6 25.
Qxf5 Nxf5 26. Rc7 $16) 25. e4 $18) 24. Rxc8+ Qxc8 25. Nxe4 Qc1+ 26. Qf1 Qxf1+
27. Kxf1 dxe4 28. Ke2 $11) 22... Rxc1 $1 23. Rxc1 Rc8 {once black trades off
the heavy pieces there will be no way for whtie to expoit the weakness of
black's 'd' pawn.} 24. Qd1 Bd6 25. Bf1 Qf5 26. Kg2 Rxc1 27. Qxc1 f6 28. Bd3 Kf7
29. Qc2 g5 $1 $11 {Very important not to let white drive black's N from e4.
White was threatening Ne1 and f3. Now it will be met with g4.} 30. Qe2 h5 31.
Nd2 g4 32. f3 gxf3+ 33. Qxf3 (33. Qxf3 Qxf3+ 34. Nxf3 Ke6 {is drawish}) 1/2-1/2

[Event "Corus"]
[Site "Wijk aan Zee"]
[Date "2000.01.29"]
[Round "12"]
[White "Nikolic, Predrag"]
[Black "Adams, Michael"]
[Result "1-0"]
[WhiteElo "2659"]
[BlackElo "2715"]
[Annotator "Gershon,A"]
[PlyCount "89"]
[EventDate "2000.01.15"]
[EventType "tourn"]
[EventRounds "13"]
[EventCountry "NED"]
[EventCategory "18"]
[SourceTitle "CBM 075"]
[Source "ChessBase"]
[SourceDate "2000.04.05"]
[SourceVersion "1"]
[SourceVersionDate "2000.04.05"]
[SourceQuality "1"]

1. d4 Nf6 2. c4 e6 3. Nf3 b6 4. g3 Ba6 5. Nbd2 Bb4 6. Qc2 Bb7 7. Bg2 Be4 8. Qb3
Bxd2+ 9. Bxd2 O-O 10. O-O d6 11. Rfd1 (11. Qe3 {[%csl Ge4]} Nbd7 12. Bc3 Qb8
13. Bh3 b5 14. b3 a5 15. Nd2 Bg6 16. Bg2 d5 17. Rfc1 bxc4 18. bxc4 Nb6 19. a4
Qe8 20. Bb2 Kh8 21. Qf4 Qb8 22. Bc3 Qb7 23. c5 $16 {1-0 Dizdar,G-Bistric,F/
Zadar CRO 1999 (42)}) 11... Nbd7 12. Rac1 (12. Bh3 Qe7 13. Nh4 c5 14. Qe3 cxd4
15. Qxd4 Rfd8 16. Rac1 h6 17. Bc3 Nc5 18. Qe3 a5 19. f3 Bh7 20. Nf5 Bxf5 21.
Bxf5 $14 {0-1 Manninen,M-Veingold,A/Tampere 1992/EXT 2000 (45)}) 12... h6 $146
(12... Qe7 13. Bh3 (13. Qa3 a5 14. Bh3 (14. h3 {Instead of runnig away from
exchanging the bishops white declares with his last move that he's ready to
swap the bishops.Personally I prefer Bh3 here.} Rfe8 15. Be3 e5 16. Qc3 exd4
17. Bxd4 c5 18. Bxf6 Nxf6 19. Qb3 Qc7 20. Rd2 Qc6 21. Ne1 Bxg2 22. Nxg2 $14 {
1-0 Van Wely,L-Balashov,Y/Germany 1993/GER-chT2 (55)}) 14... Rae8 (14... Rfe8
15. Be3 h6 16. Nd2 Bb7 17. c5 dxc5 18. dxc5 Bd5 19. cxb6 Qxa3 20. bxa3 cxb6 21.
Nc4 Rab8 22. Nd6 Red8 23. Rc2 Nc5 24. Nb5 Rbc8 25. f3 Na4 26. Rdc1 Rxc2 27.
Rxc2 Bb7 28. Bf1 Rd1 29. Rc1 Rxc1 30. Bxc1 Bd5 31. e4 Bc6 32. Be3 Kf8 33. Na7
Bd7 34. Kf2 Ke7 35. Bd4 Ne8 36. Nb5 f6 37. e5 f5 38. Nd6 $14 {1-0 Timman,
J-Salov,V/Rotterdam 1989/CBM 13 (63)}) (14... h6 15. Ne5 Rae8 16. Nxd7 Nxd7 17.
Be3 Bc6 18. c5 bxc5 19. dxc5 d5 20. Qxa5 Nf6 21. Qa6 $16 {1-0 Piket,J-Bischoff,
K/Hamburg 1991/CBM 24 (61)}) 15. Ne1 $6 (15. Qe3) 15... Bf5 16. Bf1 e5 17. dxe5
Nxe5 18. Ng2 Bh3 19. Be1 h6 20. Qc3 Ne4 21. Qd4 f5 22. b3 Kh7 23. f3 Ng5 $36 {
1/2-1/2 Piket,J-Van der Wiel,J/Gouda 1997/EXT 99 (79)}) 13... c5 14. Qe3 Rfe8
15. Bc3 a5 16. b3 Bb7 17. Qd3 d5 18. Qe3 Ne4 19. Bb2 a4 20. cxd5 Bxd5 21. Nd2
Qg5 22. Qxg5 Nxg5 23. Bg2 Bxg2 24. Kxg2 f6 25. Nc4 axb3 26. axb3 Reb8 27. dxc5
Nxc5 28. b4 Na4 29. Bd4 $14 {1/2-1/2 Ribshtein,N-Van den Doel,E/Antwerp 1999/
EXT 2000 (41)}) 13. Bh3 Re8 14. Be3 a5 15. Nd2 Bb7 16. Nf1 (16. c5 Bd5 17. Qa3
Qe7 (17... dxc5 18. dxc5 b5 (18... Qe7 19. cxb6 Qxa3 20. bxa3 cxb6 21. Nc4 $14)
19. c6 $14) 18. cxd6 cxd6 19. Rc7 Rec8 20. Rdc1 Rxc7 21. Rxc7 Ne8 $11) 16... a4
17. Qc2 Qe7 18. f3 c5 19. Bf2 Rec8 20. Qd2 d5 $2 (20... cxd4 $142 21. Bxd4 d5
22. Ne3 Rd8 (22... e5 23. Nf5 Qf8 24. Bf2 d4 25. f4 Ne4 26. Qe1 Nxf2 27. Qxf2
$16) (22... dxc4 23. Nxc4 b5 24. Ne3 $14 {^^}) 23. Qc2 $14 (23. cxd5 Nxd5 24.
Nxd5 Bxd5 $11)) 21. dxc5 bxc5 22. cxd5 Bxd5 (22... exd5 23. Ne3 $16 {[%csl Rc5,
Rd5][%cal Gh3c8,Ge3f5,Ge3d5] With a very unpleasant pressure for white.}) (
22... Nxd5 23. e4 N5b6 (23... Ne5 24. Bg2 Nf6 25. Qc3 $16) 24. Qc3 $16) 23. Ra1
$8 (23. a3 $2 {[%csl Rb2]} Bb3 $15) 23... Ne5 24. Qc3 Nfd7 25. Ne3 Bb7 26. Bg2
$14 {The c5 pawn is practically dead and the question is whether he will be
able to create a counterplay against white's b2 pawn. This is very difficult
to achieve since black pieces don't have good squares.} Rab8 27. Rd2 {[%csl
Gb2,Ge2] With the idea of doubling the rooks on the 'c' file and keeping an
eye on both potentially weak pawns.} f6 28. Rc1 Nb6 29. Rdc2 Ned7 (29... c4
$142 30. Qa5 Nd5 31. Nxd5 Bxd5 32. Bd4 $14) 30. Qa3 $1 {The ideal place for
the queen.} Ra8 (30... Ba6 31. Nf1 {[%cal Ge2e4,Gf1d2]}) 31. Nf1 $1 {[%csl Rc5]
[%cal Gf2c5,Ga3c5,Gc2c5]} Ra5 32. Nd2 e5 33. e4 Kh8 34. Bh3 {[%csl Rc5][%cal
Gh3c8] Weakenning the 'c5' pawn even more.} (34. Nc4 $5 Nxc4 35. Rxc4 $16)
34... Rd8 (34... Rc7 35. Nc4 Nxc4 36. Rxc4 $18) 35. Nf1 {[%cal Gf1e3,Ge3f5,
Ge3d5] Removing the knight from a hanging position on d2} (35. Nc4) 35... Raa8
(35... Rc8 36. Ne3 Rc7 37. Nc4 Nxc4 38. Rxc4 $18) 36. Bxc5 Nxc5 37. Qxc5 $18
Qxc5+ 38. Rxc5 Ba6 39. Ne3 Rab8 (39... Rd2 40. R1c2 Rad8 41. Rc6 $18) 40. R1c2
Bd3 41. Rd2 Rd4 42. Be6 {[%csl Gc4]} Bb1 43. Rd1 Rxd1+ 44. Nxd1 a3 45. Nc3 (45.
Nc3 Bd3 46. b4 $18 {[%cal Gc5a5,Gg1e3]} (46. bxa3 Ra8 47. Rc6 Rxa3 48. Rxb6
Rxc3 49. Rb8+ Kh7 50. Bf5+ g6 51. Rb7+ $18)) 1-0

[Event "American Continental 2nd"]
[Site "Buenos Aires"]
[Date "2003.08.18"]
[Round "2"]
[White "Granda Zuniga, Julio E"]
[Black "Alzate, Dario"]
[Result "1-0"]
[WhiteElo "2641"]
[BlackElo "2426"]
[Annotator "Gershon,A"]
[PlyCount "101"]
[EventDate "2003.08.17"]
[EventType "swiss"]
[EventRounds "11"]
[EventCountry "ARG"]
[SourceTitle "CBM 097"]
[Source "ChessBase"]
[SourceDate "2003.11.11"]
[SourceVersion "1"]
[SourceVersionDate "2003.11.11"]
[SourceQuality "1"]

1. Nf3 Nf6 2. c4 e6 3. g3 b6 4. d4 Ba6 5. b3 d5 6. Bg2 Bb4+ 7. Bd2 Be7 8. cxd5
exd5 9. O-O O-O 10. Ne5 (10. Nc3 {is what white usually opts for}) 10... c6 (
10... c5 11. dxc5 bxc5 12. Nc3 Bb7 13. Bg5 $14) 11. Bc3 {A fresh plan in such
a position. Intead of placing his N on c3, white will develop the N via a
different path: Nd2-f3, intending to occupy the e5 square. Moreover, the N
will not close the 'c' file, allowing white to create pressure on the 'c' pawn,
in case it stays on c6. However, this plan has a drawback: from d2 the N
creates no pressure on 'd5', which means that black's thematic c6-c5 break
will be easier to carry out.} Bb7 12. Nd2 Nbd7 13. Nd3 a5 (13... c5 {was also
an option, but it's a good idea to weaken 'b3' first.}) 14. a4 Re8 {Beginning
with this move,which is not bad for itself, black will be postponing the c6-c5
break, for reasons that are quite unclear to me. If black doesn't push c5,
then white's plan fully justified.} (14... c5 15. Rc1 Re8 16. Bb2 Bf8 $11) 15.
Bb2 Bf8 16. Rc1 Rc8 {Black believes in his ability to hold a slighty inferior
position, with one weakness on c6.} (16... c5 {is a different approach.}) 17.
Rc2 Nb8 {[%cal Yb8a6,Ya6b4] an interesting plan, the final idea of which is to
trade one pair of N's. Generally, a good plan when you're low on space, but
this plan is time consuming, allowing white to rearange his forces.} 18. Nf3
Na6 19. Nfe5 Nb4 20. Nxb4 Bxb4 21. Qc1 {[%csl Rc6]} Qd6 22. Qf4 Qe7 $6 (22...
Qe6 {looks better} 23. Rfc1 h6 $14 {white has a slight pressure, but black
position is traditionally solid.} (23... Nd7 $2 24. Bh3 $1 Qxh3 25. Qxf7+ Kh8
26. Qxd7 $18)) 23. Rfc1 Bd6 {[%cal Gf6d7]} 24. Qf5 Bxe5 (24... c5 25. Nd3 $1 {
[%csl Rc5]} Ne4 26. dxc5 Bxc5 (26... bxc5 27. Bxe4 Qxe4 28. Qxe4 Rxe4 (28...
dxe4 29. Nxc5 Bxc5 30. Rxc5 Rxc5 31. Rxc5 Rc8 32. Rxa5 Rc2 33. Bd4 $18) 29. Ba3
$18) 27. e3 $16) 25. dxe5 Nd7 26. f4 {[%cal Ge2e4]} Rcd8 {black clearly
underestimated white's exchange sacrifice.} (26... Nc5 {runs into} 27. Ba3 Qe6
28. Bh3 {with a very unpleasant pressure}) (26... f6 $5 {would have led to
great complications} 27. e4 $5 (27. exf6 Nxf6 $132 {[%cal Gf6e4]}) (27. Bh3
Rcd8) 27... g6 (27... fxe5 $6 28. exd5 cxd5 $2 29. Rxc8 Bxc8 (29... Rxc8 $4 30.
Bxd5+ $1 $18) 30. Bxd5+ Kh8 31. Qf7 $1 $18) 28. Qg4 dxe4 29. Bxe4 fxe5 {
[%cal Gd7f6]} 30. Bd3 {[%csl Rg8][%cal Gd3c4] with a double edged game.}) 27.
Rxc6 $5 {A positional sacrifice. White gets only one pawn for the exchange,
but gets full control over the light squares, and destroys black's pawn center.
Of course, black still is an exchange up.} Bxc6 28. Rxc6 Nb8 $2 {black chooses
a slighly awkward path for his N to 'c5'...via a6} (28... Nc5 $142 29. Bd4 (29.
Rxb6 $4 Qa7 $1 $19 {[%cal Gc5e4]}) 29... Qb7 (29... Nxb3 30. Bxb6 Rb8 31. Bf2
$1 $40) 30. Rd6 Ne4 (30... Nxb3 31. Bf2 Nc5 (31... Rxd6 32. exd6 g6 33. Qxd5
Qxd5 34. Bxd5 Nc5 35. e4 $1 $16 {[%cal Yd5c6,Ye4e5,Gg1g2,Gg2f3,Gf3e3,Ge3d4,
Gd4d5,Yc6b5] the B pair, is dominating the whole board.}) 32. Bxd5) 31. Rxb6
Qc7 $14) 29. Rc1 Na6 30. h4 $4 {too slow. White MUST prevent black from
closing the dark bishop.} (30. Qd3 $142 Nc5 31. Qb5 {[%csl Rb6]} Qe6 32. Bd4
$11 {With a sufficient compensation for the exchange}) 30... Nc5 $17 31. Qg4 d4
(31... Nxb3 32. Rc6 d4 $1 (32... Nc5 33. Bd4 Nxa4 34. f5 Qf8 35. f6 {[%cal
Ge5e6]} g6 36. e6 Rxe6 37. Rxe6 fxe6 38. Qxe6+ Qf7 39. Qc6 Nc5 40. Qxb6 Ne6 41.
Qxa5 $36) 33. e6 $1 (33. Rxb6 d3 34. e3 (34. Rxb3 d2 $19) 34... Rb8 35. Rd6 d2
$19) 33... fxe6 34. Rxb6 Rb8 $19) 32. Kh2 f6 $1 {Black was able to block one
of white's B's, now it's time to open lines} 33. exf6 Qxf6 34. f5 Qe5 35. e3 {
white's position is already lost, so he tries his last chance to complicate.}
Qxe3 36. f6 Qh6 $4 {returning the favor} ({after} 36... g6 {white's
compensation quickly fades} 37. h5 Kf7 (37... Qh6 38. Rf1 Kf7 39. Bxd4 Qxh5+
40. Qxh5 gxh5 $17)) 37. Bxd4 Rxd4 $8 (37... g6 38. Rf1 {with a decisive attack}
) 38. f7+ $1 Kxf7 39. Rf1+ Kg8 40. Qxd4 $16 {[%csl Rg8]} Kh8 41. Qe5 $1 Qe6 (
41... Rd8 42. Rd1 $1 Rc8 43. Rd6 $18) 42. Qxe6 Nxe6 43. Re1 Kg8 {this loses at
once, but there were no other possiblities aleady} (43... Nc7 44. Rxe8+ Nxe8
45. g4 Kg8 46. Kg3 Kf7 47. Kf4 Ke6 48. g5 $16 {A typical position, with pawns
on both flanks, where the B is much more valuable that the N}) 44. Bc6 {
an important intermediate move. Black will not be able to unpin with Nc7
anymore.} Re7 45. Bd5 Kf7 46. g4 Kf6 (46... Re8 47. g5 h6 48. Kg3 hxg5 49. hxg5
g6 50. Re4 Re7 51. Kf2 Re8 $18 {[%cal Gf2e2,Ge2d3,Gd3c4,Gc4b5]}) 47. g5+ Kf5
48. Bg2 $1 $18 Kg4 49. Bh3+ Kxh4 50. g6 {the last finess} hxg6 51. Rxe6 1-0

[Event "Penta Media GM"]
[Site "Kelamabakkam"]
[Date "2000.08.25"]
[Round "11"]
[White "Fominyh, Alexander"]
[Black "Kunte, Abhijit"]
[Result "0-1"]
[WhiteElo "2594"]
[BlackElo "2556"]
[Annotator "Gershon,A"]
[PlyCount "68"]
[EventDate "2000.08.14"]
[EventType "tourn"]
[EventRounds "12"]
[EventCountry "IND"]
[EventCategory "11"]
[SourceTitle "CBM 079"]
[Source "ChessBase"]
[SourceDate "2000.11.21"]
[SourceVersion "1"]
[SourceVersionDate "2000.11.21"]
[SourceQuality "1"]

1. d4 Nf6 2. Nf3 b6 3. c4 e6 4. g3 Ba6 5. Qb3 Nc6 6. Bd2 Bb7 (6... Ne4 7. Bg2
Be7 8. O-O O-O 9. Qa4 Bb7 10. d5 Nb8 11. Nc3 Nc5 12. Qc2 a5 13. Rad1 Nba6 14.
Be3 Bf6 15. a3 Re8 16. Nd4 Qe7 17. Ndb5 d6 18. Rb1 $16 {1-0 Laketic,G-Cvitan,O/
Nova Gorica 1999/CBM 68 ext (30)}) (6... Rb8 7. Bg2 b5 8. c5 b4 9. Bg5 (9. a3
Bb7 10. O-O a5 11. axb4 axb4 12. Bg5 Be7 13. Nbd2 O-O 14. e4 d6 15. d5 exd5 16.
exd5 Ne5 17. Nxe5 dxe5 18. Bxf6 Bxf6 19. Ne4 $1 $16 {1-0 Huzman,A-Berend,F/
Bonnevoie 1998/EXT 99 (35)}) 9... Be7 10. Nbd2 h6 11. Bxf6 Bxf6 12. e3 O-O 13.
Rc1 Bb5 14. Bf1 Na5 15. Qd1 Bc6 16. Bd3 e5 17. dxe5 Bxe5 18. Bb1 $1 $36 {
1-0 Epishin,V-Sax,G/Germany 1997/GER-chT (34)}) 7. Bc3 (7. d5 Ne7 8. dxe6 fxe6
(8... dxe6 9. Bg2 Nf5 10. O-O Be7 11. Rd1 O-O 12. Bf4 Qc8 13. Nc3 Ne4 14. Nxe4
Bxe4 15. Nd4 Nxd4 16. Rxd4 Bxg2 17. Kxg2 Bf6 18. Rd2 Qb7+ 19. Kg1 Rad8 $14 {
1/2-1/2 Fominyh,A-Aseev,K/Samara RUS 2000/The Week in Chess 294 (41)}) 9. Bg2
Nf5 10. O-O (10. Bc3 Bc5 11. O-O Ne4 12. Be5 d6 13. Bc3 O-O 14. Nbd2 a5 15.
Nxe4 Bxe4 16. Qd1 Qe8 17. b3 b5 18. cxb5 Qxb5 19. Qd2 e5 20. Ng5 Bxg2 21. Kxg2
Bb6 22. e4 Nd4 23. Bxd4 Bxd4 24. Ne6 Bxa1 25. Nxf8 Bd4 26. Ne6 Bb6 27. Rc1 $14
{1-0 Bunzmann,D-Bucher,D/Zurich SUI 1999 (30)}) 10... Bc5 11. Nc3 (11. Bc3 Ne4
12. Nbd2 O-O 13. Nxe4 Bxe4 14. Rad1 a5 15. Qa4 d6 16. a3 Qc8 17. Ng5 Bxg2 18.
Kxg2 h6 19. Nf3 Qb7 20. Qc2 a4 21. Qd3 Rf7 22. Kg1 Raf8 $15 {1-0 Fominyh,
A-Poluljahov,A/Samara RUS 2000/The Week in Chess 294 (43)}) 11... O-O 12. Qc2
Qe8 13. Bg5 Ng4 14. h3 Nxf2 $1 15. Rxf2 Nxg3 16. Qd2 Nf5 17. Re1 Qh5 18. Bf4
Bxf2+ 19. Kxf2 Nh4 20. Qe3 Nxg2 21. Kxg2 Qh4 $19 {0-1 Fominyh,A-Sakaev,K/
Moscow RUS 1999 (69)}) 7... Ne4 (7... Na5 $143 $6 8. Bxa5 Bxf3 9. Qxf3 bxa5 10.
Nc3 Rb8 11. Rb1 Be7 12. Bg2 O-O 13. O-O c6 14. e4 d5 15. e5 Nd7 16. c5 f6 17.
Qg4 f5 18. Qd1 Rf7 19. a3 g5 20. b4 axb4 21. axb4 Nf8 22. Qa4 Qd7 23. b5 cxb5
24. Rxb5 Rxb5 25. Qxb5 $16 {1-0 Psakhis,L-Pogorelov,R/Andorra AND 2000/The
Week in Chess 295 (41)}) 8. a3 (8. Bg2 $2 Nxc3 9. Nxc3 (9. bxc3 Na5 $17) 9...
Nxd4 $17) 8... Nxc3 9. Qxc3 Be7 10. e4 $146 (10. Qd3 $2 d5 11. cxd5 Qxd5 12.
Nc3 (12. e4 Qa5+ 13. Nbd2 O-O-O $5 {[%cal Gd8d2] Trying to take advantage of
the fact that white is falling behind in development to create concrete threats
} 14. Rc1 $1 {[%cal Gc1c7]} (14. Rd1 f5 15. b4 fxe4 $17) 14... f5 15. b4 fxe4
16. Qc3 (16. bxa5 exd3 17. axb6 axb6 {[%cal Gc6d4]} 18. Rg1 Nxd4 19. Nxd4 Rxd4
$19) (16. Nxe4 Bxb4+ (16... Qf5 $5) 17. axb4 Nxb4 18. Qc3 {[%csl Rc7]} Na2 $8
19. Qxa5 bxa5 $19) (16. Qxe4 Qxa3 17. Qxe6+ (17. Rxc6 Bxb4 {[%cal Gd8d6]})
17... Kb8 18. Rxc6 Bxb4 $19) 16... Qd5 $132 {0-1 Timman,J-Polgar,J/Malmoe 2000/
CBM 78_02/[Gershon] (40)}) 12... Ne5 $1 (12... Qh5 $143 13. Bg2 O-O 14. O-O
Rfd8 15. Rad1 Bf6 16. Qe3 $11 {1/2-1/2 Epishin,V-Razuvaev,Y/St Petersburg 1998/
CBM 67 (28)}) 13. dxe5 (13. Nxe5 Qxh1 14. Nb5 (14. Qb5+ c6) 14... O-O 15. Nxc7
Rac8 $19) (13. Nxd5 Nxd3+ 14. Kd2 Bxd5 15. Kxd3 Bxf3 16. exf3 Rd8 $17) 13...
Qxd3 14. exd3 Bxf3 $17 {[%csl Rd3,Re5,Ge7,Gf3]}) (10. Bg2 Bf6 11. e3 (11. O-O
$2 Nxd4 12. Nxd4 Bxg2 13. Kxg2 c5 14. e3 cxd4 15. exd4 d5 16. Rd1 Rc8 $17)
11... O-O 12. O-O $11) 10... Bf6 11. Qd3 (11. Bg2 $140 $2 Nxd4 $1 12. Nxd4 c5
$19) 11... g5 $5 {A very double edged move!On one hand black aims to take
initiative from the very beginning but on the other hand it can be a serious
weakness later on.} 12. g4 (12. h3 $143 h5 13. Nc3 g4 14. d5 $8 (14. hxg4 hxg4
15. Rxh8+ Bxh8 16. Nh2 (16. d5 gxf3 17. dxc6 Bxc6 18. Qxf3 Qg5 $17) 16... Nxd4
17. Nxg4 Qg5 $17) 14... gxf3 15. dxc6 Bxc6 16. Qxf3 Be5 $15) 12... Bg7 13. Nc3
Qf6 (13... h5 $5 14. Rg1 hxg4 15. Rxg4 Bxd4 $6 16. Nxd4 Ne5 17. Qe2 Nxg4 18.
Qxg4 Rxh2 19. Nf3 $13) 14. O-O-O O-O-O (14... Qf4+ $6 15. Kb1 Qxg4 $2 16. Rg1
$16) 15. Kb1 (15. h3 d6) 15... d6 16. Qe3 h6 17. Ne2 $6 {[%cal Ge2g3,Gg3h5]
too passive} (17. h4 $5 Rhg8 (17... e5 18. d5 (18. dxe5 Nxe5 19. Nxe5 Qxe5 $15)
(18. Nd5 $6 exd4 19. Rxd4 (19. Nxd4 $4 Qe5 $19) 19... Qe6 $13) 18... Nd4 19.
Be2 Nxf3 20. Qxf3 gxh4 21. Qh3 Qg5 22. Qxh4 Qxh4 23. Rxh4 Bf6 24. Rh5 $14 {
[%cal Ge2f3,Yc3e2,Ye2g3,Yg3f5]}) 18. hxg5 hxg5 19. Rh5 $14 {/+/-}) 17... Rhg8
18. Ng3 Bh8 19. Be2 Kb8 20. Rd2 Ne7 {[%cal Gc7c5,Ye7g6,Yg6f4]} 21. Nh5 $2 {
Again white's missing an oportunity to weaken black's position. White has
probably missed black's 22nd move.Instead he lets black execute the deadly
breakin the center: f5} (21. h4 $1 Qg6 (21... c5 22. hxg5 hxg5 23. Rh5 Nc6 24.
d5 Nd4 (24... Ne5) 25. Nxg5 $16) (21... gxh4 22. Rxh4 Qg6 23. Bd3 {is, of
course, much btetter than the game.}) 22. hxg5 hxg5 23. Rh5 Bf6 24. Ka2 (24.
Ka1 $143 {[%cal Ge4e5]} c5 25. e5 cxd4 26. Rxd4 dxe5 27. Nxe5 Qg7 28. Nd7+ Rxd7
29. Rxd7 Bxb2+ 30. Ka2 Bc6 $1 31. Rxe7 (31. Rd1 Be5 $44) 31... Bf6 32. Rxe6 (
32. Rxa7 Kxa7 {[%csl Yc6,Yf6]}) 32... fxe6 33. Qxe6 Rd8 $1 34. Qe3 (34. Qxc6
Ba1 $1 35. Qb5 Rd2+ 36. Kb3 Rb2+ $19) 34... Qc7 {with more than enough
compensation for the pawn}) 24... e5 25. d5 $14) 21... Qg6 22. Bd3 f5 $1 23.
exf5 Nxf5 24. Qe2 (24. gxf5 Qxh5 {[%csl Rf3]} 25. Be4 d5 26. cxd5 exd5 27. Bc2
Rde8 $17) (24. Bxf5 $4 exf5 $19 {[%cal Gg6b1]}) 24... Qf7 25. Be4 d5 26. cxd5
Nd6 $1 27. Ng3 (27. dxe6 Bxe4+ 28. Qxe4 Nxe4 29. exf7 Nxd2+ 30. Nxd2 Rgf8 $19)
27... Nxe4 {Now white collapses} 28. Nxe4 Bxd5 29. Ne1 e5 $1 {"Open the game
for the B's"} 30. Nd3 exd4 31. Nb4 Bb7 32. Rc1 c5 33. Na6+ Ka8 34. a4 c4 (34...
c4 35. Nb4 Qe7 {[%csl Rb4,Re4]}) 0-1